| 000 | 00777nam a2200181Ia 4500 | ||
|---|---|---|---|
| 008 | 090124s9999 xx 000 0 und d | ||
| 082 | _b109121 | ||
| 100 | _aभिडे रामकृष्ण गोपाळ ( अभिराग ) | ||
| 245 | _a झांशीची स्वातंत्र्य लक्ष्मी | ||
| 250 | _a1 | ||
| 260 | _c1961 | ||
| 300 | _a139 | ||
| 600 | _aभिडे रामकृष्ण गोपाळ ( अभिराग ) | ||
| 630 | _a झांशीची स्वातंत्र्य लक्ष्मी | ||
| 700 | _aभिडे रामकृष्ण गोपाळ ( अभिराग ) | ||
| 730 | _a झांशीची स्वातंत्र्य लक्ष्मी | ||
| 942 | _cBOOK | ||
| 999 |
_c155212 _d155212 |
||